LEADER 01085nam a2200229 i 4500 001 000000208320 003 CaOOAMICUS 005 20111117000000.0 008 111117s1884 it u000 u ita u 013 $a187104 040 $aSeMil$bita 100 1 $aLuzio, Alessandro.$0(OLS)http://semarc/name/5785 245 10$aManzoni e Diderot :$bLa monaca di Monza e La religieuse : saggio critico /$cdi Alessandro Luzio. 260 $aMilano :$bFratelli Dumolard,$c1884. 300 $a96 p. ;$c19 cm. 600 14$aDiderot, Denis <1713-1784>.$0(OLS)http://semarc/subject/10541 600 14$aManzoni, Alessandro <1785-1873>.$0(OLS)http://semarc/subject/1531 773 0 $aLuzio, Alessandro$tProfili biografici e bozzetti storici.$dMilano : L. F. Cogliati, 1925.$gVolume2$w()25389 850 $aSeMil 852 $aSeMil$W1$xVenegono$y1$m1S IV 4 FA$j158778$B158778$CSeMilBibl$Z2$F169918 $8I 996 $6245$aManzoni e Diderot :$bLa monaca di Monza e La religieuse : saggio critico$9(OLS)http://semarc/title/301264 996 $6260$aMilano :$bFratelli Dumolard$9(OLS)http://semarc/publisher/31337 LEADER 01016nam a2200277 i 4500 001 000000116952 003 CaOOAMICUS 005 20030704000000.0 008 030704s1992 it u000 u ita u 013 $a89641 020 $a88-384-1684-2 040 $aSeMil$bita 100 1 $aSudbrack, Josef,$c.$0(OLS)http://semarc/name/11841 240 10$aMystik.$0(OLS)http://semarc/title/171581 245 10$aMistica /$cJosef Sudbrack. 260 $aCasale Monferrato (AL) :$bPiemme,$c1992. 300 $a199 p. ;$c21 cm. 500 $aFondo Card. C.M. Martini. 650 4$aMistica.$0(OLS)http://semarc/subject/1496 850 $aSeMil 852 $aSeMil$W1$xVenegono$y1$m2C IV 459$j72352$B72352$CSeMilBibl$Z2$F76798 $81 941 1 $a4 961 $aOmaggio: Martini Card. Carlo Maria 996 $6020$a88-384-1684-2$9(OLS)http://semarc/number/101214 996 $6245$aMistica$9(OLS)http://semarc/title/171580 996 $6260$aCasale Monferrato (AL) :$bPiemme$9(OLS)http://semarc/publisher/30052